[Event "Muenster Bezirksliga 0607"]
[Site "Germany"]
[Date "2006.12.16"]
[Round "4.19"]
[White "Raschke, Wolf Dieter"]
[Black "Schomaker, Guenter"]
[Result "1-0"]
[WhiteElo "1712"]
[BlackElo "1756"]
[PlyCount "95"]
[EventDate "2006.09.16"]
[EventType "team"]
[EventRounds "9"]
[EventCountry "GER"]
[SourceTitle "EXT 2008"]
[Source "ChessBase"]
[SourceDate "2007.11.25"]
[SourceVersion "1"]
[SourceVersionDate "2007.11.25"]
[SourceQuality "1"]
[WhiteTeam "Muenster SK VI"]
[BlackTeam "Telgte II"]
[WhiteTeamCountry "GER"]
[BlackTeamCountry "GER"]

1. d4 d5 2. c4 Nf6 3. Nc3 e6 4. Nf3 c6 5. e3 Bd6 6. Qc2 Nbd7 7. Bd3 0-0 8. 0-0 dxc4 9. Bxc4 e5 10. Rd1 Qe7 11. h3 e4 12. Ng5 Nb6 13. Bb3 Bf5 14. f3 Rae8 15. Ngxe4 Nxe4 16. fxe4 Bg6 17. Qf2 Bxe4 18. Nxe4 Qxe4 19. Bc2 Qe7 20. e4 Bc7 21. Rf1 Rd8 22. e5 Nd5 23. Qf5 g6 24. Qg4 Kh8 25. Bh6 c5 26. Bg5 f6 27. exf6 Nxf6 28. Qh4 Kg7 29. Rae1 Qd6 30. Qh6+ Kh8 31. Bf4 Qxd4+ 32. Kh1 Bxf4 33. Rxf4 Qd6 34. Rd1 Qe7 35. Rdf1 Qg7 36. Qg5 Rd6 37. Qe5 Rc6 38. Qc3 Rd6 39. Qe5 Rc6 40. Qc3 b6 41. Be4 Re6 42. Bd5 Rd6 43. Qe5 Rxd5 44. Qxd5 Qe7 45. Qf3 Kg7 46. g4 Nd7 47. Rxf8 Qxf8 48. Qc3+ 1-0

[Event "EU-ch Seniors 05th"]
[Site "Bad Homburg"]
[Date "2005.??.??"]
[Round "6"]
[White "Palmo, Pentti Olavi"]
[Black "Raschke, Wolf Dieter"]
[Result "1/2-1/2"]
[WhiteElo "2092"]
[BlackElo "1932"]
[PlyCount "40"]
[EventDate "2005.06.25"]
[EventType "swiss"]
[EventRounds "9"]
[EventCountry "GER"]
[SourceTitle "EXT 2006"]
[Source "ChessBase"]
[SourceDate "2005.11.24"]
[SourceVersion "1"]
[SourceVersionDate "2005.11.24"]
[SourceQuality "1"]

1. e4 e6 2. d4 d5 3. Nd2 Nf6 4. e5 Nfd7 5. Bd3 c5 6. c3 Nc6 7. Ne2 cxd4 8. cxd4 Qb6 9. Nf3 f6 10. exf6 Nxf6 11. 0-0 Bd6 12. a3 0-0 13. Nc3 a6 14. Bg5 Bd7 15. b4 Kh8 16. Bc2 Qc7 17. Ra2 Nxb4 18. axb4 Qxc3 19. Bd2 Qc7 20. Re1 Qd8 1/2-1/2

[Event "EU-ch Seniors 05th"]
[Site "Bad Homburg"]
[Date "2005.??.??"]
[Round "9"]
[White "Raschke, Wolf Dieter"]
[Black "Mentel, Juergen"]
[Result "0-1"]
[WhiteElo "1932"]
[BlackElo "2076"]
[PlyCount "106"]
[EventDate "2005.06.25"]
[EventType "swiss"]
[EventRounds "9"]
[EventCountry "GER"]
[SourceTitle "EXT 2006"]
[Source "ChessBase"]
[SourceDate "2005.11.24"]
[SourceVersion "1"]
[SourceVersionDate "2005.11.24"]
[SourceQuality "1"]

1. d4 d6 2. e4 Nf6 3. f3 g6 4. Be3 c6 5. c4 Nbd7 6. Nc3 a6 7. Nge2 b5 8. Nc1 b4 9. Na4 Bg7 10. Nb3 a5 11. Rc1 Ba6 12. Be2 0-0 13. 0-0 e6 14. Na1 Ne8 15. b3 f5 16. c5 f4 17. Bf2 d5 18. Bxa6 Rxa6 19. exd5 exd5 20. Qe2 Nc7 21. Nc2 Qf6 22. Qd3 Qf5 23. Qxf5 Rxf5 24. Rfe1 Rf7 25. Re2 Bf6 26. Rce1 Kf8 27. Kf1 Re7 28. Rxe7 Bxe7 29. Ke2 Ne6 30. Kd3 Kf7 31. Nb2 Ra8 32. Ra1 Bf6 33. Rb1 Nc7 34. Na4 Nb5 35. Re1 Nf8 36. Nb6 Ra7 37. Na4 Ne6 38. Re2 h5 39. g3 Ng5 40. Ne1 Nh3 41. Nc2 g5 42. Be1 Ng1 43. Rf2 Re7 44. Bd2 Nh3 45. Rf1 Kg6 46. Nb6 Kf5 47. a3 Nxa3 48. Nxa3 bxa3 49. Ra1 Nf2+ 50. Kc2 Re2 51. Rxa3 g4 52. fxg4+ hxg4 53. gxf4 Ne4 0-1